| 000 | 00712nam a22002177a 4500 | ||
|---|---|---|---|
| 005 | 20150124130024.0 | ||
| 008 | 140130t sp||||| |||| 00| 0 esp d | ||
| 020 | _a8497720229 | ||
| 050 | 0 | 4 |
_aB 3279 .H45 _bC37 2003 |
| 100 | 1 | _aCastrodeza, Carlos | |
| 245 | 1 | 3 |
_aLa Marsopa de Heidegger : _bEl Lugar de la Ciencia Actual / _cCarlos Castrodeza |
| 250 | _aPrimera Edición: 2003 | ||
| 260 |
_aMadrid. España : _bDykinson, _c2003. |
||
| 300 |
_a110 paginas, _c21 X 15 centimetros, |
||
| 490 |
_aHumanidades, _vNúmero: 6 |
||
| 504 | _aIncluye: Bibliografía | ||
| 600 | 1 | 4 |
_aHeidegger, Martín _d1889-1969 |
| 650 | 7 |
_2Lemb _aFilosofía _xCiencia y Cultura |
|
| 700 | 1 | _aCastrodeza, Carlos | |
| 942 |
_2ddc _cLIB |
||
| 999 |
_c48401 _d48401 |
||